[Event "Cto. Equipos de Navarra DH 2018"]
[Site "?"]
[Date "2018.10.27"]
[Round "3.7"]
[White "Miranda Urrizola, Ruben Asier"]
[Black "Roviralta Montero, Axel"]
[Result "0-1"]
[EventDate "2018.??.??"]
[EventCountry "ESP"]
[EventType "team"]
[EventRounds "7"]
[WhiteElo "1012"]
[BlackElo "1814"]
[SourceDate "2018.11.02"]
[SourceTitle "FNA"]

1.d4 e6 2.Nf3 b5 3.e3 a6 4.Bd3 Bb7 5.O-O c5 6.c3 c4 7.Bc2 f5 8.Qe2 Nf6 9.Nbd2
Bxf3 10.Nxf3 d5 11.b4 Ne4 12.Bd2 Nc6 13.a4 Be7 14.axb5 axb5 15.Rfb1 Bf6 16.Bc1
O-O 17.Ra3 Rxa3 18.Bxa3 Nxc3 0-1

[Event "Cto. Equipos de Navarra DH 2018"]
[Site "?"]
[Date "2018.10.27"]
[Round "3.1"]
[White "Zamarbide Inarrea, Daniel"]
[Black "Burguete Archel, Eduardo"]
[Result "1-0"]
[EventDate "2018.??.??"]
[EventCountry "ESP"]
[EventType "team"]
[EventRounds "7"]
[WhiteElo "2212"]
[BlackElo "2200"]
[SourceDate "2018.11.02"]
[SourceTitle "FNA"]

1.c4 Nf6 2.Nc3 g6 3.d4 Bg7 4.e4 O-O 5.Bg5 d6 6.Qd2 c5 7.d5 e5 8.h4 h5 9.f3 a6
10.Nh3 Bxh3 11.Rxh3 Qc8 12.Bd3 Nbd7 13.a4 Rb8 14.Rh1 Re8 15.g4 hxg4 16.h5 gxf3
17.hxg6 fxg6 18.O-O-O Kf7 19.Bf1 Rh8 20.Bh3 Qc7 21.Qe3 Rbf8 22.Rdf1 Ke8 23.Qxf3
Rh5 24.Qg2 Rfh8 25.Bxf6 Nxf6 26.Qxg6 Qf7 27.Bd7 Ke7 28.Qxf7 Kxf7 29.Rxh5 Rxh5
30.Bc8 Bh6 31.Kb1 Bd2 32.Ne2 Rg5 33.Kc2 Bb4 34.Bxb7 a5 35.Bc8 Ke7 36.Kd3 Rg2
37.Bf5 Nh5 38.Rf3 Nf4 39.Nxf4 exf4 40.Rxf4 Rxb2 41.Be6 Rb3 42.Ke2 Bc3 43.Rf7 Ke8
44.Ra7 Rb4 45.Kd3 Be1 46.e5 dxe5 47.d6 Rb8 48.Rh7 Rb3 49.Ke2 Kf8 50.Kxe1 Rd3
51.Rf7 Ke8 52.d7 Kd8 53.Rf8 1-0

[Event "Cto. Equipos de Navarra DH 2018"]
[Site "?"]
[Date "2018.10.27"]
[Round "3.2"]
[White "Argandona Salinas, Gorka"]
[Black "Vila Dupla, Aurelio"]
[Result "0-1"]
[EventDate "2018.??.??"]
[EventCountry "ESP"]
[EventType "team"]
[EventRounds "7"]
[WhiteElo "2086"]
[BlackElo "2173"]
[SourceDate "2018.11.02"]
[SourceTitle "FNA"]

1.d4 Nf6 2.Nf3 g6 3.e3 Bg7 4.Bd3 c5 5.O-O O-O 6.Nbd2 d5 7.c3 Nbd7 8.Re1 Qc7 9.e4
cxd4 10.Nxd4 e5 11.Nb5 Qb6 12.exd5 Nc5 13.Bf1 Bg4 14.Qc2 Bf5 15.Qd1 Ng4 16.Nf3
Nxf2 17.Qe2 Ng4 18.Be3 Nxe3 19.Qxe3 Rad8 20.Rad1 Bd7 21.Na3 e4 22.Nc4 Qc7 23.d6
Qc8 24.Nfe5 Be6 25.b4 Nd3 26.Bxd3 exd3 27.Na5 Rxd6 28.Rxd3 Bxe5 29.Rxd6 Bxd6
30.Nb3 Qc7 31.Nd4 Bxh2 32.Kh1 Bc4 33.Nf3 Bf4 34.Qxa7 Bd5 35.Qd4 Bxf3 36.gxf3 Rd8
37.Qf6 Bd6 38.a3 Bf8 39.c4 Rd2 40.Qh4 Qc6 41.Re3 h5 42.Qf4 Qd7 43.Qg3 Rd1 44.Re1
Rxe1 45.Qxe1 Qh3 46.Kg1 Qxf3 47.Qc1 Bg7 48.Qd2 Qxa3 49.c5 Qa1 0-1

[Event "Cto. Equipos de Navarra DH 2018"]
[Site "?"]
[Date "2018.10.27"]
[Round "3.3"]
[White "Labiano Hernandez, Juan"]
[Black "Leranoz Zabalza, Adrian"]
[Result "1/2-1/2"]
[EventDate "2018.??.??"]
[EventCountry "ESP"]
[EventType "team"]
[EventRounds "7"]
[WhiteElo "2041"]
[BlackElo "2072"]
[SourceDate "2018.11.02"]
[SourceTitle "FNA"]

1.e4 e6 2.d4 d5 3.Nd2 c5 4.c3 cxd4 5.cxd4 Nc6 6.Ngf3 Nf6 7.Bd3 dxe4 8.Nxe4 Nxe4
9.Bxe4 Bb4 10.Bd2 Bxd2 11.Qxd2 O-O 12.O-O Qd6 13.Rac1 Bd7 14.Rfd1 Rab8 15.Qg5 f5
16.d5 Nb4 17.dxe6 Qxe6 18.Bb1 Rbc8 19.a3 Nc6 20.h3 h6 21.Qd2 Rcd8 22.b4 Qf6
23.Qc3 Be6 24.Qxf6 Rxd1 25.Rxd1 Rxf6 26.b5 Ne7 27.Nd4 Bc4 28.Rc1 Bd5 29.Rc5 f4
30.Nf5 Nxf5 31.Rxd5 Nd6 32.Kf1 1/2-1/2

[Event "Cto. Equipos de Navarra DH 2018"]
[Site "?"]
[Date "2018.10.27"]
[Round "3.4"]
[White "Lazkoz Diez, Oskar"]
[Black "Vinal Gutierrez, Pedro"]
[Result "1-0"]
[EventDate "2018.??.??"]
[EventCountry "ESP"]
[EventType "team"]
[EventRounds "7"]
[WhiteElo "1883"]
[BlackElo "2034"]
[SourceDate "2018.11.02"]
[SourceTitle "FNA"]

1.e4 e6 2.d3 d5 3.Nd2 Nf6 4.Ngf3 Nc6 5.g3 dxe4 6.dxe4 e5 7.Bg2 Bc5 8.O-O O-O
9.Qe2 Bg4 10.Nb3 Bb6 11.Be3 Qe7 12.a3 Rfd8 13.h3 Be6 14.Nh4 Bxb3 15.cxb3 Qe6
16.b4 Bxe3 17.fxe3 Ne8 18.Nf5 Rd7 19.Rf2 Rad8 20.Raf1 Ne7 21.Qg4 Qg6 22.Qf3 f6
23.h4 Qf7 24.Bh3 Rd3 25.g4 Nxf5 26.exf5 Qb3 27.Re1 c6 28.Bf1 Rd2 29.g5 Qxb2
30.Bc4 Kh8 31.Rxd2 Rxd2 32.Rf1 Qc2 33.Bf7 Nd6 34.Be6 Qe4 35.Qg3 Nc4 36.Re1 fxg5
37.Qxg5 Qc2 38.f6 g6 39.f7 1-0

[Event "Cto. Equipos de Navarra DH 2018"]
[Site "?"]
[Date "2018.10.27"]
[Round "3.5"]
[White "Jedrocha, Katarzyna"]
[Black "Larrea Reta, Javier"]
[Result "1/2-1/2"]
[EventDate "2018.??.??"]
[EventCountry "ESP"]
[EventType "team"]
[EventRounds "7"]
[WhiteElo "1922"]
[BlackElo "1858"]
[SourceDate "2018.11.02"]
[SourceTitle "FNA"]

1.d4 Nf6 2.g3 e6 3.Bg2 d5 4.Nf3 c5 5.O-O Nc6 6.b3 Qb6 7.Bb2 Be7 8.e3 Bd7 9.Nbd2
Rc8 10.c4 O-O 11.dxc5 Qxc5 12.Rc1 Qb6 13.cxd5 exd5 14.Ne5 Nxe5 15.Bxe5 Ba3
16.Rxc8 Rxc8 17.Bxf6 Qxf6 18.Bxd5 Bh3 19.Bg2 Rc1 20.Qf3 Rxf1 21.Nxf1 Qxf3
22.Bxf3 Bxf1 23.Kxf1 b6 24.Ke2 a5 25.Kd3 Kf8 26.Kc4 Ke7 27.Kd5 Bc5 28.Be2 h6
29.h3 Bb4 30.f4 Bc5 31.e4 Bf2 32.Kc6 Be3 33.Bc4 f6 34.g4 Bf2 35.h4 Be3 36.Bg8
Bf2 37.e5 fxe5 38.fxe5 Be3 39.Kd5 Bf2 40.h5 Bg1 41.Ke4 Bc5 42.Kf5 Bd4 43.Bc4 Bc3
44.Ke4 1/2-1/2

[Event "Cto. Equipos de Navarra DH 2018"]
[Site "?"]
[Date "2018.10.27"]
[Round "3.6"]
[White "Gonzalez Etayo, Oihana"]
[Black "Aguinaga Ruiz, Jesus Luis"]
[Result "1/2-1/2"]
[EventDate "2018.??.??"]
[EventCountry "ESP"]
[EventType "team"]
[EventRounds "7"]
[WhiteElo "1761"]
[BlackElo "1900"]
[SourceDate "2018.11.02"]
[SourceTitle "FNA"]

1.d4 d6 2.e4 Nf6 3.Nc3 c6 4.Nf3 Bg4 5.Be2 e6 6.O-O d5 7.exd5 cxd5 8.Ne5 Bxe2
9.Qxe2 a6 10.Re1 Be7 11.Bg5 O-O 12.Rad1 Nbd7 13.f4 h6 14.Bh4 Ne4 15.Bxe7 Nxc3
16.bxc3 Qxe7 17.c4 Nf6 18.cxd5 Nxd5 19.Qf3 b5 20.f5 Rac8 21.Qg4 exf5 22.Qxf5 Qg5
23.Qxg5 hxg5 24.Nd7 Rfd8 25.Nc5 Rd6 26.a3 f6 27.Kf2 Kf7 28.g3 a5 29.Rb1 b4
30.axb4 axb4 31.Rb2 Ra8 32.Nd3 Ra4 33.Nc5 Ra3 34.Nd3 Rb6 35.Reb1 Rc6 36.Ke1 Nc3
37.Rc1 Re6 38.Kf1 Ne2 39.Rd1 Nxd4 40.Nxb4 Rf3 41.Kg1 Ne2 42.Kg2 g4 43.Rd3 Rf5
44.Nd5 Nc1 45.Rb7 Kg6 46.Nf4 Rxf4 47.gxf4 Nxd3 48.cxd3 Rd6 49.Rb3 Rd4 1/2-1/2

[Event "Cto. Equipos de Navarra DH 2018"]
[Site "?"]
[Date "2018.10.27"]
[Round "3.7"]
[White "Garjon Modrego, Miguel"]
[Black "Elia Aldave, Inigo"]
[Result "1/2-1/2"]
[EventDate "2018.??.??"]
[EventCountry "ESP"]
[EventType "team"]
[EventRounds "7"]
[WhiteElo "1887"]
[BlackElo "1678"]
[SourceDate "2018.11.02"]
[SourceTitle "FNA"]

1.d4 Nf6 2.Nf3 g6 3.Bg5 Bg7 4.e3 O-O 5.Bd3 d6 6.O-O Nc6 7.c3 e5 8.Nbd2 h6 9.Bh4
g5 10.Bg3 Nh5 11.Nxe5 Nxe5 12.Bxe5 dxe5 13.Qxh5 Re8 14.Bc4 Qe7 15.dxe5 Bf5 16.e4
Bh7 17.f4 Rad8 18.fxg5 Kh8 19.Bxf7 Rxd2 20.gxh6 Qc5 21.Kh1 Rxe5 22.hxg7 Kxg7
23.Qg4 Rg5 24.Qf3 Qe7 1/2-1/2

[Event "Cto. Equipos de Navarra DH 2018"]
[Site "?"]
[Date "2018.10.27"]
[Round "3.1"]
[White "Sesma Rubio, Patxi"]
[Black "Narciso Dublan, Marc"]
[Result "0-1"]
[EventDate "2018.??.??"]
[EventCountry "ESP"]
[EventType "team"]
[EventRounds "7"]
[WhiteElo "2164"]
[BlackElo "2478"]
[SourceDate "2018.11.02"]
[SourceTitle "FNA"]

1.d4 d6 2.c4 e5 3.d5 a5 4.e4 Na6 5.Bd3 Nc5 6.Bc2 Be7 7.Nc3 Bg5 8.Nge2 Nh6 9.Ng3
Bg4 10.Nce2 O-O 11.h3 Bd7 12.Nf5 Nxf5 13.exf5 b5 14.Ng3 bxc4 15.h4 Bxc1 16.Qxc1
c6 17.Nh5 f6 18.Rh3 Be8 19.Qd1 Bxh5 20.Qxh5 cxd5 21.Qf3 e4 22.Qc3 Qd7 23.g4 Nd3
24.Bxd3 cxd3 0-1

[Event "Cto. Equipos de Navarra DH 2018"]
[Site "?"]
[Date "2018.10.27"]
[Round "3.2"]
[White "Bayo Milagro, Alvaro"]
[Black "Garrido Lasheras, David"]
[Result "1-0"]
[EventDate "2018.??.??"]
[EventCountry "ESP"]
[EventType "team"]
[EventRounds "7"]
[WhiteElo "2317"]
[BlackElo "2092"]
[SourceDate "2018.11.02"]
[SourceTitle "FNA"]

1.e4 Nc6 2.Nc3 Nf6 3.d4 e5 4.dxe5 Nxe5 5.f4 Nc6 6.Bc4 Bb4 7.e5 Qe7 8.Qe2 Ng8
9.Bd2 Nh6 10.O-O-O Nd4 11.Qd3 Bc5 12.Nh3 b5 13.Nxb5 Nxb5 14.Bxb5 Rb8 15.Ba4 Qe6
16.Bb3 Qf5 17.Qc4 Bb6 18.Ng5 O-O 19.h3 d5 20.Qe2 Bb7 21.g4 Qd7 22.Be3 c5 23.Qd3
g6 24.Ne4 Qe7 25.Nf6 Kg7 26.Bxd5 c4 27.Qc3 Bxe3 28.Qxe3 c3 29.Qxc3 Rfc8 30.Qd4
Ng8 31.Bxb7 Rxb7 32.Nd5 Qe6 33.Rh2 Qa6 34.Kb1 Rc4 35.Qd3 Rb5 36.b3 1-0

[Event "Cto. Equipos de Navarra DH 2018"]
[Site "?"]
[Date "2018.10.27"]
[Round "3.3"]
[White "Laguardia Ortega, Moises"]
[Black "Jimenez Almeida, Luis David"]
[Result "0-1"]
[EventDate "2018.??.??"]
[EventCountry "ESP"]
[EventType "team"]
[EventRounds "7"]
[WhiteElo "2039"]
[BlackElo "2277"]
[SourceDate "2018.11.02"]
[SourceTitle "FNA"]

1.e4 c5 2.Nf3 d6 3.Bb5 Nd7 4.O-O a6 5.Be2 Ngf6 6.d3 b5 7.a4 Bb7 8.Re1 e6 9.b3
Be7 10.Bb2 O-O 11.e5 Ng4 12.exd6 Bxd6 13.Nbd2 Qc7 14.h3 Nge5 15.Nxe5 Nxe5 16.Ne4
Bxe4 17.dxe4 Rab8 18.axb5 axb5 19.Qd2 Ng6 20.c4 b4 21.Red1 Rfd8 22.Qc2 Bh2
23.Kf1 Be5 24.Rxd8 Rxd8 25.Rd1 Rxd1 26.Bxd1 Bxb2 27.Qxb2 Qh2 28.f3 Qh1 0-1

[Event "Cto. Equipos de Navarra DH 2018"]
[Site "?"]
[Date "2018.10.27"]
[Round "3.4"]
[White "Martinez Martin, Inigo"]
[Black "Ortin Blanco, Ainhoa"]
[Result "1-0"]
[EventDate "2018.??.??"]
[EventCountry "ESP"]
[EventType "team"]
[EventRounds "7"]
[WhiteElo "2150"]
[BlackElo "1938"]
[SourceDate "2018.11.02"]
[SourceTitle "FNA"]

1.e4 c5 2.Nf3 Nc6 3.Nc3 g6 4.Bb5 Bg7 5.Bxc6 bxc6 6.Qe2 Nf6 7.e5 Nd5 8.Nxd5 cxd5
9.O-O O-O 10.c3 a5 11.Re1 Ba6 12.Qe3 Qc7 13.d4 Rac8 14.Bd2 a4 15.dxc5 Qxc5
16.Qxc5 Rxc5 17.b4 Rc4 18.Nd4 Rb8 19.b5 Bb7 20.Rab1 Bf8 21.Kf1 e6 22.Ke2 Bc5
23.Kd3 Bb6 24.Rb4 Rbc8 25.a3 Bc5 26.Rxc4 dxc4 27.Kxc4 Bxa3 28.Kd3 Be7 29.Ra1 Ra8
30.f3 Kf8 31.c4 Ke8 32.Nc2 f6 33.exf6 Bxf6 34.Bc3 Bd8 35.Bb4 Bc7 36.Re1 h5 37.h3
Bg3 38.Re2 Kf7 39.Na3 d6 40.Nb1 Ke7 41.Ra2 Kd7 42.Nc3 Be1 43.Nxa4 Bf2 44.c5 Kc7
45.cxd6 Kd8 46.Rxf2 Rxa4 47.Kc4 Bd5 48.Kc5 Kd7 49.Rb2 Ra8 50.Kd4 Rb8 51.Bc5 Rf8
52.b6 Bb7 53.Rc2 Rf4 54.Ke3 Ra4 55.g4 e5 56.gxh5 gxh5 57.Rg2 Rf4 58.Rg7 Kc6
59.d7 1-0

[Event "Cto. Equipos de Navarra DH 2018"]
[Site "?"]
[Date "2018.10.27"]
[Round "3.5"]
[White "Ozaita Martinez, Tomas"]
[Black "Sanchez Carayol, Jesus Carlos"]
[Result "0-1"]
[EventDate "2018.??.??"]
[EventCountry "ESP"]
[EventType "team"]
[EventRounds "7"]
[WhiteElo "1806"]
[BlackElo "2124"]
[SourceDate "2018.11.02"]
[SourceTitle "FNA"]

1.d4 d5 2.c4 e6 3.Nc3 Nf6 4.cxd5 exd5 5.Bg5 c6 6.Qc2 Be7 7.e3 h6 8.Bh4 O-O 9.Bd3
Ng4 10.Bxe7 Qxe7 11.Nge2 Qh4 12.Ng3 Re8 13.O-O-O b5 14.h3 Nxe3 15.Rde1 Bd7
16.Qe2 Na6 17.Qf3 Nc4 18.Nf5 Qg5 19.Ne3 Nb4 20.Bb1 a5 21.g4 Nxe3 22.fxe3 Re7
23.Qf4 Qh4 24.a3 Na6 25.e4 b4 26.Na4 bxa3 27.bxa3 Rae8 28.e5 c5 29.Nxc5 Nxc5
30.dxc5 Rc8 31.Qd4 Be6 32.Kd2 Rec7 33.Rc1 Qg3 34.Bd3 Qg2 35.Be2 Qg3 36.Rc3 Qh4
37.Rhc1 Qg5 38.Qe3 d4 0-1

[Event "Cto. Equipos de Navarra DH 2018"]
[Site "?"]
[Date "2018.10.27"]
[Round "3.6"]
[White "Lopez Orois, Jose Manuel"]
[Black "Torres Calvo, Mauricio"]
[Result "1-0"]
[EventDate "2018.??.??"]
[EventCountry "ESP"]
[EventType "team"]
[EventRounds "7"]
[WhiteElo "2054"]
[BlackElo "1805"]
[SourceDate "2018.11.02"]
[SourceTitle "FNA"]

1.e4 c5 2.Nf3 Nc6 3.d4 cxd4 4.Nxd4 g6 5.Nc3 Bg7 6.Be3 Nf6 7.Nxc6 bxc6 8.e5 Ng8
9.f4 Nh6 10.Be2 d6 11.exd6 exd6 12.Bd4 O-O 13.Bxg7 Kxg7 14.Qd4 Qf6 15.Qxf6 Kxf6
16.Ne4 Ke7 17.O-O-O d5 18.Ng5 f6 19.Nf3 Nf5 20.Rhe1 Kf7 21.Bf1 Bd7 22.g4 Ne7
23.g5 c5 24.gxf6 Kxf6 25.Ng5 Rh8 26.Re5 Rad8 27.Bg2 h6 28.Nf3 Rhe8 29.Rde1 Nc6
30.Rxd5 Rxe1 31.Nxe1 Nd4 32.Kd2 Re8 33.Bf1 Be6 34.Rxc5 Rd8 35.Bd3 Bg4 36.Kc3 Rd6
37.Ra5 Bf5 38.Bxf5 gxf5 39.Nd3 Ne6 40.Rxa7 Rc6 41.Kd2 Nd4 42.c3 Nf3 43.Ke2 Nxh2
44.a4 Ng4 45.a5 Re6 46.Kd2 Ne3 47.Ne5 1-0

[Event "Cto. Equipos de Navarra DH 2018"]
[Site "?"]
[Date "2018.10.27"]
[Round "3.7"]
[White "Sanjuan Ruperez, Jorge"]
[Black "Zamarbide Inarrea, Borja"]
[Result "1/2-1/2"]
[EventDate "2018.??.??"]
[EventCountry "ESP"]
[EventType "team"]
[EventRounds "7"]
[WhiteElo "1735"]
[BlackElo "2035"]
[SourceDate "2018.11.02"]
[SourceTitle "FNA"]

1.e4 c5 2.d4 cxd4 3.c3 g6 4.cxd4 d5 5.exd5 Nf6 6.Nc3 Bg7 7.Bc4 O-O 8.Nf3 Nbd7
9.O-O Nb6 10.Bb3 Nbxd5 11.Bg5 h6 12.Be3 Bg4 13.h3 Bxf3 14.Qxf3 e6 15.Rad1 a6
16.Ne4 Nxe4 17.Qxe4 Qd6 18.Bxd5 Qxd5 19.Qxd5 exd5 20.Rc1 Rac8 21.Rfe1 b6 22.g3
Rfe8 23.Kf1 h5 24.Ke2 Rxc1 25.Rxc1 Bxd4 26.Rd1 Bxb2 27.Rxd5 Bc1 28.Kf3 Bxe3
29.fxe3 Kg7 30.h4 Kf6 31.Kf4 Ke6 32.e4 Rc8 33.Re5 Kd6 34.Rd5 Ke6 35.Re5 Kd6
36.Rd5 Kc6 37.Rd2 b5 38.e5 a5 39.Kg5 Re8 40.Kf6 b4 41.Re2 Kd5 42.Rd2 Kc5 43.Re2
Kd4 44.Rd2 Ke4 45.Re2 Kd5 46.Rd2 Ke4 47.Re2 1/2-1/2

[Event "Cto. Equipos de Navarra DH 2018"]
[Site "?"]
[Date "2018.10.27"]
[Round "3.8"]
[White "Lizuain Toni, Javier"]
[Black "Marques Jalle, Jose Antonio"]
[Result "1-0"]
[EventDate "2018.??.??"]
[EventCountry "ESP"]
[EventType "team"]
[EventRounds "7"]
[WhiteElo "1806"]
[BlackElo "1619"]
[SourceDate "2018.11.02"]
[SourceTitle "FNA"]

1.e4 c6 2.d4 d5 3.Nc3 dxe4 4.Nxe4 Bf5 5.Ng3 Bg6 6.Nf3 e6 7.h4 h6 8.h5 Bh7 9.Bd3
Bxd3 10.Qxd3 Qc7 11.Ne5 Nf6 12.Be3 Bb4 13.Bd2 Bd6 14.f4 Bxe5 15.fxe5 Nd5 16.Ne4
O-O 17.c4 Ne7 18.Bxh6 Nf5 19.Be3 Na6 20.O-O-O Nb4 21.Qb3 Nxa2 22.Qxa2 Nxe3
23.Rd3 Nf5 24.Qb3 a5 25.g4 a4 26.Qc2 Ne7 27.Ra3 Rfc8 28.Ng5 g6 29.hxg6 Nxg6
30.Rah3 Kf8 31.Nxe6 1-0

[Event "Cto. Equipos de Navarra DH 2018"]
[Site "?"]
[Date "2018.10.27"]
[Round "3.1"]
[White "Salinas Alcalde, Inaki"]
[Black "Garbisu de Goni, Unai"]
[Result "0-1"]
[EventDate "2018.??.??"]
[EventCountry "ESP"]
[EventType "team"]
[EventRounds "7"]
[WhiteElo "1992"]
[BlackElo "2425"]
[SourceDate "2018.11.02"]
[SourceTitle "FNA"]

1.d4 Nf6 2.c4 e6 3.Nc3 Bb4 4.Qc2 d5 5.e3 c5 6.Nf3 Nc6 7.a3 Bxc3 8.bxc3 O-O 9.Bd3
Qc7 10.O-O dxc4 11.Bxc4 b6 12.a4 Rd8 13.Ba3 Bb7 14.Be2 Ne7 15.dxc5 bxc5 16.c4 e5
17.Rab1 Be4 18.Qc3 Bxb1 19.Rxb1 Ng6 20.Rb5 Ne4 21.Qc2 a6 22.Rb1 Nf6 23.h4 Rab8
24.Rc1 e4 25.Nd2 Qc6 26.h5 Ne5 27.Nb3 Qxa4 0-1

[Event "Cto. Equipos de Navarra DH 2018"]
[Site "?"]
[Date "2018.10.27"]
[Round "3.2"]
[White "Urriza Iricibar, Pablo"]
[Black "Lisarri Tomas, Antonio"]
[Result "1-0"]
[EventDate "2018.??.??"]
[EventCountry "ESP"]
[EventType "team"]
[EventRounds "7"]
[WhiteElo "2268"]
[BlackElo "1956"]
[SourceDate "2018.11.02"]
[SourceTitle "FNA"]

1.e4 d6 2.d4 g6 3.Nc3 Bg7 4.Bg5 Nf6 5.e5 Nfd7 6.exd6 cxd6 7.Qd2 Nc6 8.Nf3 O-O
9.Bh6 e5 10.O-O-O Re8 11.dxe5 dxe5 12.Bc4 Qa5 13.Bxg7 Kxg7 14.Ng5 Rf8 15.h4 Nb6
16.Bxf7 Rxf7 17.Nxf7 Kxf7 18.Qh6 Qb4 19.Qxh7 Kf6 20.a3 Qf4 21.Kb1 Nd4 22.f3 Bf5
23.Ne4 Bxe4 24.fxe4 Qxe4 25.Rhf1 Ke6 26.Qf7 Kd6 27.Rf6 Kc5 28.Qe7 Kb5 29.Qb4 1-0

[Event "Cto. Equipos de Navarra DH 2018"]
[Site "?"]
[Date "2018.10.27"]
[Round "3.3"]
[White "Hernandez Barricarte, Miguel A"]
[Black "Ortega Lopez, Mikel"]
[Result "0-1"]
[EventDate "2018.??.??"]
[EventCountry "ESP"]
[EventType "team"]
[EventRounds "7"]
[WhiteElo "1874"]
[BlackElo "2260"]
[SourceDate "2018.11.02"]
[SourceTitle "FNA"]

1.d4 Nf6 2.c4 e6 3.g3 d5 4.Nf3 dxc4 5.Bg2 Bd7 6.Ne5 Bc6 7.Nxc6 Nxc6 8.Bxc6 bxc6
9.O-O c5 10.Qa4 Qd7 11.Qxd7 Nxd7 12.dxc5 Bxc5 13.Nd2 Nb6 14.Nf3 f6 15.Bd2 Rb8
16.Rfc1 Kf7 17.a4 Bd6 18.Ra2 Rb7 19.a5 Nd5 20.Rxc4 Rhb8 21.Rc2 c5 22.Bc3 Rc7
23.Nd2 Nb4 24.Bxb4 cxb4 25.b3 Rc3 26.Nc4 Bc7 27.Rcb2 Rb5 28.e3 Rd5 29.Ra4 Rb5
30.Kf1 Ke7 31.Ke2 Bd6 32.Ra1 Rd5 33.Rd1 Bc7 34.Ra1 Bd6 35.Rd1 Rxd1 36.Kxd1 Bc7
37.Ke2 f5 38.h4 g6 39.Rb1 e5 40.a6 Rc2 41.Nd2 Ra2 42.Rc1 Kd7 43.Rc4 Bd6 44.f4
exf4 45.gxf4 Rxa6 46.Rd4 Ke6 47.Kd3 Ra3 48.Kc4 Ra2 49.Kd3 Be7 50.Rc4 Rb2 51.Rc7
a5 52.Ra7 Bxh4 53.Ra6 Kf7 54.Ra7 Kg8 55.Nf3 Rxb3 56.Kc4 Rc3 57.Kd5 Bf6 58.Ke6
Rc6 59.Kd5 Rb6 60.Ne5 Bxe5 61.fxe5 b3 62.e6 b2 63.Ra8 Kg7 64.e7 b1=Q 65.e8=Q Qb5
0-1

[Event "Cto. Equipos de Navarra DH 2018"]
[Site "?"]
[Date "2018.10.27"]
[Round "3.4"]
[White "Navarrete Delgado, Sergio"]
[Black "Sola Plaza, Gregorio"]
[Result "1-0"]
[EventDate "2018.??.??"]
[EventCountry "ESP"]
[EventType "team"]
[EventRounds "7"]
[WhiteElo "2207"]
[BlackElo "1804"]
[SourceDate "2018.11.02"]
[SourceTitle "FNA"]

1.e4 c5 2.Nc3 Nc6 3.g3 g6 4.Bg2 Bg7 5.d3 d6 6.Be3 Nf6 7.Nge2 Bd7 8.O-O O-O 9.Qc1
Rb8 10.a4 a6 11.Bh6 b5 12.axb5 axb5 13.Bxg7 Kxg7 14.h3 b4 15.Nd5 e5 16.f4 Nxd5
17.exd5 Nd4 18.Qd2 Ra8 19.fxe5 dxe5 20.Rxa8 Qxa8 21.Nxd4 exd4 22.Qf4 Qe8 23.Qd6
Qe3 24.Kh2 Bf5 25.g4 Bc8 26.Qxc5 b3 27.cxb3 Ba6 28.Qd6 Qxd3 29.Rf3 Qe2 30.Qf6
Kg8 31.Qxd4 Bb7 32.Rf2 Qb5 33.Bf1 Qxd5 34.Qxd5 Bxd5 35.Bc4 Bc6 36.g5 Kg7 37.Rf6
Be4 38.Kg3 h6 39.h4 hxg5 40.hxg5 Bb1 41.b4 Rd8 42.Rxf7 Kh8 43.b5 Rd2 44.b3 Ba2
45.Rf2 1-0

[Event "Cto. Equipos de Navarra DH 2018"]
[Site "?"]
[Date "2018.10.27"]
[Round "3.5"]
[White "Juanco Elizari, Felix Javier"]
[Black "Soriano Ascaso, Ignacio"]
[Result "0-1"]
[EventDate "2018.??.??"]
[EventCountry "ESP"]
[EventType "team"]
[EventRounds "7"]
[WhiteElo "1718"]
[BlackElo "2161"]
[SourceDate "2018.11.02"]
[SourceTitle "FNA"]

1.d4 d5 2.c4 c6 3.Nf3 Nf6 4.Nc3 dxc4 5.g3 b5 6.e4 b4 7.e5 bxc3 8.exf6 cxb2
9.Bxb2 exf6 10.Bxc4 Bb4 11.Nd2 Qe7 12.Qe2 Bg4 13.Qxe7 Kxe7 14.Be2 Bxe2 15.Kxe2
Re8 16.Rac1 c5 17.Ne4 cxd4 18.Bxd4 Kf8 19.Kd3 Nd7 20.Rc4 a5 21.f4 Rad8 22.Rhc1
Nb6 23.Rc6 Nd5 24.R1c4 f5 25.Nf2 Be1 26.Nd1 Nb4 27.Rxb4 axb4 0-1

[Event "Cto. Equipos de Navarra DH 2018"]
[Site "?"]
[Date "2018.10.27"]
[Round "3.6"]
[White "Sevilla Subiza, Javier"]
[Black "Ruiz Turrillas, Alfredo"]
[Result "0-1"]
[EventDate "2018.??.??"]
[EventCountry "ESP"]
[EventType "team"]
[EventRounds "7"]
[WhiteElo "2118"]
[BlackElo "1698"]
[SourceDate "2018.11.02"]
[SourceTitle "FNA"]

1.d4 d5 2.c4 dxc4 3.e4 Nf6 4.e5 Nd5 5.Bxc4 e6 6.Nf3 Bb4 7.Bd2 Nc6 8.O-O Bxd2
9.Nbxd2 a6 10.Rc1 O-O 11.Ne4 Nce7 12.Qd2 Bd7 13.Rfd1 Bc6 14.Bd3 Ng6 15.Nc5 b6
16.Nxe6 fxe6 17.Bxg6 Ne7 18.Rxc6 Nxg6 19.Qg5 Qd7 20.Rdc1 Rac8 21.Qg4 Nf4 22.Kh1
Nd3 23.R6c2 Nxc1 24.Rxc1 c5 25.Re1 cxd4 26.Nxd4 Rc4 27.Qxe6 Qxe6 28.Nxe6 Re8
29.Ng5 Rxe5 0-1

[Event "Cto. Equipos de Navarra DH 2018"]
[Site "?"]
[Date "2018.10.27"]
[Round "3.7"]
[White "Marin Salvador, Ruben"]
[Black "Cinza Lopez, Javier"]
[Result "0-1"]
[EventDate "2018.??.??"]
[EventCountry "ESP"]
[EventType "team"]
[EventRounds "7"]
[WhiteElo "1649"]
[BlackElo "2083"]
[SourceDate "2018.11.02"]
[SourceTitle "FNA"]

1.d4 g6 2.c4 Nf6 3.Nc3 Bg7 4.e4 O-O 5.Nf3 d6 6.h3 e5 7.d5 Nh5 8.Be2 a5 9.Be3 Na6
10.g3 Nc5 11.Nh2 Bxh3 12.Bxc5 dxc5 13.Bxh5 f5 14.Bf3 Ra6 15.Nf1 fxe4 16.Nxe4 Qc8
17.Nfd2 Bf5 18.Qe2 Rb6 19.b3 a4 20.O-O Bxe4 21.Bxe4 Rbf6 22.f3 Bh6 23.Kg2 axb3
24.axb3 Bg5 25.Rh1 h5 26.Rag1 Ra6 27.Qd3 Kg7 28.Ra1 Qa8 29.Rxa6 Qxa6 30.Rd1 Rh8
31.Qc3 Qf6 32.Kh3 h4 33.g4 Ra8 34.Nf1 Ra2 35.Qd3 Qf4 36.Rd2 0-1

[Event "Cto. Equipos de Navarra DH 2018"]
[Site "?"]
[Date "2018.10.27"]
[Round "3.8"]
[White "Mombiela Martinez, Gonzalo"]
[Black "Ruiz Echeverria, Unai"]
[Result "1-0"]
[EventDate "2018.??.??"]
[EventCountry "ESP"]
[EventType "team"]
[EventRounds "7"]
[WhiteElo "2111"]
[BlackElo "1562"]
[SourceDate "2018.11.02"]
[SourceTitle "FNA"]

1.e4 e6 2.d4 d5 3.Bd3 dxe4 4.Bxe4 Nf6 5.Bf3 c5 6.Ne2 cxd4 7.Nxd4 Bc5 8.Nb3 Qxd1
9.Bxd1 Bb6 10.Nc3 Bd7 11.a4 a5 12.Bf4 Bc6 13.Bd6 Na6 14.O-O Nb4 15.Re1 Nbd5
16.Nb5 Rd8 17.Bc5 Bxc5 18.Nxc5 O-O 19.Bf3 b6 20.Nd3 Bxb5 21.axb5 Rc8 22.c3 Rfd8
23.Ne5 Ne7 24.Red1 g6 25.Bb7 Rb8 26.Bc6 Kg7 27.Kf1 Rxd1 28.Rxd1 Nxc6 29.bxc6 Rc8
30.c4 Ne4 31.Rd7 Kf6 32.f4 1-0

[Event "Cto. Equipos de Navarra DH 2018"]
[Site "?"]
[Date "2018.11.03"]
[Round "4"]
[White "Burguete Archel, Eduardo"]
[Black "Morante Rafael, Aritz"]
[Result "1-0"]
[EventDate "2018.??.??"]
[EventCountry "ESP"]
[EventType "team"]
[EventRounds "7"]
[WhiteElo "2198"]
[BlackElo "2067"]

1.e4 e5 2.Bc4 Nf6 3.d3 c6 4.Nf3 d5 5.Bb3 Bb4 6.c3 Bd6 7.Nbd2 O-O 8.O-O Bg4 9.h3
Bh5 10.Re1 Nbd7 11.Nf1 dxe4 12.dxe4 Nc5 13.Bc2 Nfxe4 14.Bxe4 Nxe4 15.Rxe4 f5
16.Re1 e4 17.g4 fxg4 18.Ng5 h6 19.Nxe4 g3 20.Qxh5 gxf2 21.Nxf2 Qb6 22.Be3 Qxb2
23.Qd1 Rae8 24.Qb3 Qxb3 25.axb3 a6 26.Rad1 1-0